000 01063nam a2200253 u 4500
001 000808055
003 AM-YeHGA
005 20250618073925.0
008 110505s1989 ||| r 000 0 rus d
020 _a5713301737
040 _aAM-YeHGA
041 1 _arus
_heng
100 1 _aՄոեմ, Սոմերսեթ,
_d1874-1965
_98655
245 1 0 _aТогда и теперь :
_b[Роман о Н. Макиавелли] /
_cУ. Сомерсет Моэм ; Предисл. Н.Е. Покровского ; Ил. А.Е. Куманькова.
246 1 5 _aThen and now
260 _aМосква :
_bМеждунар. отношения,
_c1989.
300 _a182 с. :
_bцв. ил.
600 1 4 _aМакиавелли, Никколо
_d1469-1527
653 0 _aПолитические учения в Италии, 15-16 вв. (х. л.)
653 0 _aОбщественная мысль в Италии, 15-16 вв. (х. л.)
700 1 _aПокровский, Н.Е.
_eпредисл.
_4aui
700 1 _aКуманьков, А.Е.
_eил.
_4ill
090 _c294875
999 _c293190
_d293190